Celkový pohľad na hospodársky vývoj

V roku 2015 možno badať prejavy zrýchleného ekonomického rastu aj zlepšených parametrov makroekonomickej stability či niektorých sociálno-ekonomických parametrov. Pokračovanie reálnej konvergencie. Kým konvergencia konečnej spotreby domácností "držala krok" s konvergenciou HDP , konvergencia verejne...

Ausführliche Beschreibung

Gespeichert in:
Bibliographische Detailangaben
1. Verfasser: Morvay, Karol, 1973-
Format: Buchkapitel
Sprache:Slowakisch
Schlagworte:
Tags: Tag hinzufügen
Keine Tags, Fügen Sie das erste Tag hinzu!

MARC

LEADER 00000naa$a2200000$$$4500
001 0227654
005 20230228093630.2
041 0 |a slo 
044 |a SK 
245 1 0 |a Celkový pohľad na hospodársky vývoj  |c Karol Morvay 
520 |a V roku 2015 možno badať prejavy zrýchleného ekonomického rastu aj zlepšených parametrov makroekonomickej stability či niektorých sociálno-ekonomických parametrov. Pokračovanie reálnej konvergencie. Kým konvergencia konečnej spotreby domácností "držala krok" s konvergenciou HDP , konvergencia verejnej spotreby relatívne zaostávala. Zmeny v štruktúre prírastku HDP. Rast dopytu a HDP ťahaný expanziou fixných investícií. Posilnenie makroekonomickej stability (rovnováhy). Podiely odvetví na medziročnom prírastku HDP. 
610 2 0 |a vývoj hospodársky 
610 2 0 |a produkt domáci hrubý 
610 2 0 |a konvergencia 
610 2 0 |a rast hospodársky 
610 2 0 |a spotreba 
610 2 0 |a dopyt 
610 2 0 |a zamestnanosť 
610 2 0 |a investície 
610 2 0 |a rovnováha hospodárska 
610 2 0 |a financie verejné 
610 2 0 |a vývoj sociálny 
610 2 0 |a Slovensko 
100 1 |a Morvay, Karol, 1973-